Statistics for Fast Reaction

Click here to take the quiz!

General Stats

  • This quiz has been taken 217 times
  • The average score is 10 of 20

Answer Stats

HintAnswer% Correct
44
58%
1313
57%
88
55%
77
54%
99
53%
1717
51%
1515
50%
1616
50%
55
50%
66
50%
1010
49%
2020
49%
1818
47%
1919
47%
33
47%
22
46%
11
43%
1111
43%
1414
43%
1212
42%

Score Distribution

Percentile by Number Answered

Percent of People with Each Score

Your Score History

You have not taken this quiz